Statistics for Adventure Time Episodes

Click here to take the quiz!

General Stats

  • This quiz has been taken 55 times
    (32 since last reset)
  • The average score is 76 of 295

Answer Stats

SeasonEpisode% Correct
Come Along With Me
83%
Season 5 (2012-2014)Finn the Human
83%
Jake the Dog
83%
Distant Lands (2020-2021)BMO
67%
City of Thieves
67%
His Hero
67%
I Remember You
67%
Season 2 (2010-2011)It Came from the Nightosphere
67%
Season 1 (2010)Slumber Party Panic
67%
The Comet
67%
The Enchiridion!
67%
The Lich
67%
Too Young
67%
Tree Trunks
67%
Trouble in Lumpy Space
67%
Wizard
67%
Pilot (2007)Adventure Time
50%
Be More
50%
Betty
50%
Burning Low
50%
Cake the Cat
50%
Card Wars
50%
Donny
50%
Dungeon
50%
Evicted!
50%
Fionna and Cake
50%
Fionna & Cake (2023)Fionna Campbell
50%
Freak City
50%
Guardians of Sunshine
50%
Gumbaldia
50%
Marceline the Vampire Queen
50%
Mortal Folly
50%
Obsidian
50%
Orgalorg
50%
Preboot
50%
Prisoners of Love
50%
Puhoy
50%
Rainy Day Daydream
50%
Reboot
50%
Simon & Marcy
50%
Simon Petrikov
50%
Slow Love
50%
The Eyes
50%
The Hall of Egress
50%
The Hard Easy
50%
The Jiggler
50%
Three Buckets
50%
Together Again
50%
Too Old
50%
Up a Tree
50%
What Have You Done?
50%
What is Life?
50%
When Wedding Bells Thaw
50%
A Glitch is a Glitch
33%
All the Little People
33%
Another Way
33%
Bad Jubies
33%
Bad Little Boy
33%
Billy's Bucket List
33%
Blade of Grass
33%
Blood Under the Skin
33%
BMO Lost
33%
BMO Noire
33%
Season 7 (2015-2016)Bonnie and Neddy
33%
Season 8 (2016-2017)Broke His Crown
33%
Business Time
33%
Checkmate
33%
Cheers
33%
Crystals Have Power
33%
Daddy-Daughter Card Wars
33%
Dad's Dungeon
33%
Do No Harm
33%
Dream of Love
33%
Everything's Jake
33%
Everything Stays
33%
Fionna and Cake and Fionna
33%
Five Short Graybles
33%
Food Chain
33%
Frost & Fire
33%
Ghost Princess
33%
Goliad
33%
Gut Grinder
33%
Henchman
33%
Hitman
33%
Hot Diggity Doom
33%
Incendium
33%
Jake Suit
33%
Jake the Dad
33%
Jake vs. Me-Mow
33%
King Worm
33%
Lady & Peebles
33%
Little Dude
33%
Loyalty to the King
33%
Mama Said
33%
Marceline's Closet
33%
Memory of a Memory
33%
Mortal Recoil
33%
Mystery Dungeon
33%
Mystery Train
33%
My Two Favorite People
33%
No One Can Hear You
33%
Normal Man
33%
Ocarina
33%
Ocean of Fear
33%
Paper Pete
33%
Princess Cookie
33%
Princess Monster Wife
33%
Princess Potluck
33%
Red Starved
33%
Reign of Gunters
33%
Root Beer Guy
33%
Seventeen
33%
Shh!
33%
Still
33%
Storytelling
33%
The Duke
33%
The First Investigation
33%
The Limit
33%
The Music Hole
33%
The Real You
33%
The Silent King
33%
The Star
33%
The Thin Yellow Line
33%
The Tower
33%
The Vault
33%
Season 10 (2017-2018)The Wild Hunt
33%
The Witch's Garden
33%
Two Swords
33%
Varmints
33%
Web Weirdos
33%
Wizard Battle
33%
Wizard City
33%
Wizards Only, Fools
33%
You Made Me
33%
All Your Fault
17%
Always BMO Closing
17%
Angel Face
17%
Apple Thief
17%
Season 5 (2012-2014)Apple Wedding
17%
Astral Plane
17%
Beautopia
17%
Belly of the Beast
17%
Bespoken For
17%
Be Sweet
17%
Beyond the Grotto
17%
Blank-Eyed Girl
17%
Blenanas
17%
Bonnibel Bubblegum
17%
Box Prince
17%
Breezy
17%
Bun Bun
17%
Candy Streets
17%
Cherry Cream Soda
17%
Chips and Ice Cream
17%
Cloudy
17%
Season 3 (2011-2012)Conquest of Cuteness
17%
Crossover
17%
Daddy's Little Monster
17%
Davey
17%
Death in Bloom
17%
Dentist
17%
Destiny
17%
Diamonds and Lemons
17%
Don't Look
17%
Dungeon Train
17%
Escape from the Citadel
17%
Five More Short Graybles
17%
Five Short Tables
17%
Flute Spell
17%
Football
17%
From Bad to Worse
17%
Furniture & Meat
17%
Ghost Fly
17%
Gotcha!
17%
Go With Me
17%
Graybles 1000+
17%
Happy Warrior
17%
Heat Signature
17%
Hero Heart
17%
Her Parents
17%
Holly Jolly Secrets Part I
17%
Holly Jolly Secrets Part II
17%
Hoots
17%
Horse and Ball
17%
Season 4 (2012)Hot to the Touch
17%
Ignition Point
17%
Is That You?
17%
Jake the Brick
17%
James
17%
James Baxter the Horse
17%
James II
17%
Jermaine
17%
Jerry
17%
Joshua and Margaret Investigations
17%
Ketchup
17%
King's Ransom
17%
Lemonhope Part 1
17%
Lemonhope Part 2
17%
Little Brother
17%
May I Come In?
17%
Memories of Boom Boom Mountain
17%
Nemesis
17%
One Last Job
17%
Season 9 (2017)Orb
17%
Play Date
17%
President Porpoise is Missing!
17%
Prismo the Wishmaster
17%
Return to the Nightosphere
17%
Ricardio the Heart Guy
17%
Ring of Fire
17%
Scamps
17%
Skyhooks
17%
Skyhooks II
17%
Sky Witch
17%
Slime Central
17%
Something Big
17%
Son of Rap Bear
17%
Sons of Mars
17%
Summer Showers
17%
Susan Strong
17%
Take Her Back
17%
Temple of Mars
17%
Thank You
17%
The Cooler
17%
The Creeps
17%
The Dark Cloud
17%
The Diary
17%
The Empress Eyes
17%
The Invitation
17%
The Light Cloud
17%
The Monster
17%
The Other Tarts
17%
The Party's Over, Isla de Señorita
17%
The Pit
17%
The Prince Who Wanted Everything
17%
The Visitor
17%
The Winter King
17%
Time Sandwich
17%
Vamps About
17%
Vault of Bones
17%
Video Makers
17%
Season 6 (2014-2015)Wake Up
17%
Walnuts & Rain
17%
Water Park Prank
17%
We Fixed a Truck
17%
What Was Missing
17%
Whipple the Happy Dragon
17%
Whispers
17%
Who Would Win
17%
Winter Light
17%
You Forgot Your Floaties
17%
Abstract
0%
Another Five More Short Graybles
0%
Bad Timing
0%
Beyond this Earthly Realm
0%
Casper & Nova
0%
Dark Purple
0%
Earth & Water
0%
Elemental
0%
Evergreen
0%
Friends Forever
0%
Gold Stars
0%
Helpers
0%
Hide and Seek
0%
High Strangeness
0%
Hug Wolf
0%
I Am a Sword
0%
Imaginary Resources
0%
In Your Footsteps
0%
Jake the Starchild
0%
Jelly Beans Have Power
0%
Lady Rainicorn of the Crystal Dimension
0%
Love Games
0%
Marcy & Hunson
0%
Min and Marty
0%
Morituri Te Salutamus
0%
Mysterious Island
0%
On the Lam
0%
Power Animal
0%
Princess Day
0%
Rattleballs
0%
Sad Face
0%
Thanks for the Crabapples, Giuseppe!
0%
The Chamber of Frozen Blades
0%
The Great Bird Man
0%
The More You Moe, The More You Know (Part I)
0%
The More You Moe, The More You Know (Part II)
0%
The Mountain
0%
The New Frontier
0%
The Pajama War
0%
The Pods
0%
The Red Throne
0%
The Suitor
0%
To Cut a Woman's Hair
0%
Wheels
0%

Score Distribution

Percentile by Number Answered

Percent of People with Each Score

Your Score History

You have not taken this quiz since the last reset